000 00521nam a22001577a 4500
999 _c19040
_d19040
008 240208b ||||| |||| 00| 0 eng d
020 _a9786214271023
082 _22022
_aDFIL 155.2
_bL971
100 _aLuna, Alden Reuben B.
_931527
245 _aUnderstanding the self /
_cAlden Reuben B. Luna.
260 _aManila :
_bUnlimited Books Library Services & Publishing Inc.,
_c©2022.
300 _ax,130 pages :
_billustrations ;
_c25 cm.
500 _aIncludes references.
650 _aSelf.
_952417
942 _2ddc
_cDFIL